000 00884nam a22002655i 4500
001 168430
003 ES-MaACL
005 20260525062936.0
008 080409s1987 sp |||| | spa d
020 _a84-239-1677-4
080 _a860-293.21.09
080 _a792.54(464.11 M.)
080 _a782.6
245 0 3 _aLa zarzuela de cerca /
_cedición y prólogo de Andrés Amorós ; revisión y epílogo de Carlos-José Costas.
260 _aMadrid :
_bEspasa Calpe,
_c[1987]
300 _a285 p. ;
_c17 cm.
490 1 _aColección austral ;
_v1677
650 1 4 _aZarzuela-
_vHistoria.
_917862
650 4 _aZarzuela-
_zMadrid.
_9137574
700 1 _aAmorós, Andrés.
_921309
700 1 _aCostas, Carlos José.
_9137575
830 0 _aColección austral
_v1677
_9177655
852 _aES-MaACL
_jE-12223
_9R.190442
_z.- Biblioteca Jacinto Martínez Lacalle
999 _c168430
_d168430